| 000 | 00461nam a2200193Ia 4500 | ||
|---|---|---|---|
| 005 | 20240823062252.0 | ||
| 008 | 240823s9999||||xx |||||||||||||| ||und|| | ||
| 020 | _a978-93-5094-584-1 | ||
| 041 | _aENGLISH | ||
| 082 | _A621 | ||
| 100 | _aArihant | ||
| 245 | 0 | _aMechanical Engineering | |
| 250 | _a1st | ||
| 260 | _bArihant Publication Li | ||
| 500 | _aYES | ||
| 650 |
_aMechanical Engineering _bMechanical Engineering |
||
| 942 | _cBK | ||
| 999 |
_c235483 _d235483 |
||